[Event "27th Summer Universiade in Kazan (Men)"]
[Site "Kazan"]
[Date "2013.07.15"]
[Round "9.7"]
[White "Zhou, Jianchao"]
[Black "Perez Ponsa, Federico"]
[Result "1-0"]
[WhiteElo "2572"]
[BlackElo "2488"]
[PlyCount "85"]
[EventDate "2013.??.??"]

1. d4 Nf6 2. c4 e6 3. Nc3 Bb4 4. Qc2 O-O 5. a3 Bxc3+ 6. Qxc3 b5 7. cxb5 c6 8.
Bg5 cxb5 9. e3 Bb7 10. Nf3 a6 11. Bd3 d6 12. O-O Nbd7 13. Rfc1 Qb6 14. Qc7 Rfc8
15. Qxb6 Nxb6 16. Nd2 Kf8 17. f3 h6 18. Bf4 Ke7 19. e4 Rxc1+ 20. Rxc1 Rc8 21.
Rxc8 Bxc8 22. b3 Nfd7 23. Be3 d5 24. e5 Nb8 25. f4 Nc6 26. g4 f5 27. exf6+ Kxf6
28. Nf3 Bd7 29. Ne5 Be8 30. Bd2 Nc8 31. Nxc6 Bxc6 32. Bb4 Be8 33. h4 Bg6 34.
Bxg6 Kxg6 35. h5+ Kf7 36. Bc5 Ne7 37. Bxe7 Kxe7 38. Kf2 Kf6 39. Kg3 Kf7 40. b4
Ke7 41. g5 Kf7 42. Kg4 Ke7 43. f5 1-0

[Event "27th Summer Universiade in Kazan (Men)"]
[Site "Kazan"]
[Date "2013.07.15"]
[Round "9.10"]
[White "Batchuluun, Tsegmed"]
[Black "Yu, Yangyi"]
[Result "0-1"]
[WhiteElo "2517"]
[BlackElo "2657"]
[PlyCount "66"]
[EventDate "2013.??.??"]

1. d4 e6 2. c4 b6 3. e4 Bb7 4. Bd3 Nc6 5. Nf3 Nb4 6. O-O Nxd3 7. Qxd3 d6 8. Nc3
Ne7 9. Re1 Ng6 10. b4 Be7 11. a4 a5 12. b5 O-O 13. Bd2 Qd7 14. d5 e5 15. Be3 f5
16. exf5 Rxf5 17. Nd2 Raf8 18. Nde4 Nh4 19. Ng3 R5f7 20. Nce4 Bc8 21. Rf1 h5
22. Bg5 Nxg2 23. Kxg2 h4 24. Bxe7 Rf3 25. Qe2 Qxe7 26. h3 R8f4 27. Nd2 e4 28.
Kh2 Rxf2+ 29. Rxf2 hxg3+ 30. Kxg3 Qh4+ 31. Kg2 Bxh3+ 32. Kg1 Qg3+ 33. Rg2 Bxg2
0-1

[Event "27th Summer Universiade in Kazan (Men)"]
[Site "Kazan"]
[Date "2013.07.15"]
[Round "9.11"]
[White "Hovhannisyan, Robert"]
[Black "Atabayev, Maksat"]
[Result "1-0"]
[WhiteElo "2620"]
[BlackElo "2460"]
[PlyCount "107"]
[EventDate "2013.??.??"]

1. e4 e5 2. Nf3 Nf6 3. Nxe5 d6 4. Nf3 Nxe4 5. c4 Be7 6. d4 O-O 7. Bd3 Nf6 8. h3
Re8 9. O-O Nbd7 10. Nc3 c6 11. Bf4 Nf8 12. d5 cxd5 13. cxd5 Ng6 14. Bh2 Qb6 15.
a4 Bd7 16. Nb5 Bxb5 17. Bxb5 Rec8 18. b3 a6 19. Bc4 Nd7 20. a5 Qc7 21. Nd2 Nge5
22. Be2 Nf6 23. Nc4 Nxc4 24. Bxc4 Nd7 25. Be2 Bf6 26. Ra4 Be5 27. Bg4 Bxh2+ 28.
Kxh2 Qd8 29. Re1 Rc5 30. Bxd7 Qxd7 31. Rae4 h6 32. b4 Rc7 33. Qd4 Qd8 34. Rg4
Qf8 35. Re3 Kh7 36. Reg3 f6 37. Re4 Re8 38. Re6 Rxe6 39. dxe6 f5 40. Rd3 Rc6
41. Qd5 g6 42. Rf3 Qf6 43. g4 f4 44. Qe4 d5 45. Rxf4 Qxe6 46. Qxe6 Rxe6 47.
Rf7+ Kg8 48. Rxb7 Rd6 49. Rb6 Rd7 50. Rxg6+ Kf7 51. Rxh6 Kg7 52. Rxa6 d4 53.
Re6 d3 54. Re1 1-0

[Event "27th Summer Universiade in Kazan (Men)"]
[Site "Kazan"]
[Date "2013.07.15"]
[Round "9.13"]
[White "Baryshpolets, Andrey"]
[Black "Mazur, Stefan"]
[Result "1-0"]
[WhiteElo "2544"]
[BlackElo "2409"]
[PlyCount "61"]
[EventDate "2013.??.??"]

1. d4 Nf6 2. c4 g6 3. Nf3 Bg7 4. g3 O-O 5. Bg2 d6 6. O-O Nc6 7. Nc3 a6 8. d5
Na5 9. Nd2 c5 10. Rb1 Bf5 11. e4 Bd7 12. b3 b5 13. Qc2 Rb8 14. Bb2 e5 15. Ne2
h5 16. h3 h4 17. g4 Qe7 18. f4 Nh7 19. fxe5 Bxe5 20. Bxe5 Qxe5 21. Nf3 Qe7 22.
Qd2 Qd8 23. cxb5 axb5 24. e5 Re8 25. e6 fxe6 26. Nf4 g5 27. Nxe6 Bxe6 28. dxe6
Nc6 29. e7 Qxe7 30. Qd5+ Qe6 31. Nxg5 1-0

[Event "27th Summer Universiade in Kazan (Men)"]
[Site "Kazan"]
[Date "2013.07.15"]
[Round "9.14"]
[White "Atabayev, Yusup"]
[Black "Bulski, Krzysztof"]
[Result "0-1"]
[WhiteElo "2431"]
[BlackElo "2534"]
[PlyCount "148"]
[EventDate "2013.??.??"]

1. e4 e5 2. Nf3 Nc6 3. Bb5 a6 4. Ba4 Nf6 5. d3 b5 6. Bb3 Bc5 7. O-O d6 8. c3
Bb6 9. a4 Bd7 10. Bg5 Rb8 11. axb5 axb5 12. Nbd2 h6 13. Be3 Ne7 14. d4 Ng6 15.
c4 exd4 16. Bxd4 O-O 17. Bxb6 Rxb6 18. Nd4 bxc4 19. Nxc4 Rb4 20. Na5 Ne7 21.
Re1 Qb8 22. Bc2 Qb6 23. Nf3 Ng6 24. b3 Be6 25. Qd2 Ng4 26. Red1 N4e5 27. Qe3
Bg4 28. Rf1 Qxe3 29. fxe3 Ra8 30. Nd4 Bd7 31. h3 Nf8 32. Nf5 Re8 33. Kf2 Ne6
34. Rfd1 h5 35. Nd4 Nc5 36. Ke2 Bc8 37. Kd2 Rb6 38. Kc3 Ned7 39. Nc4 Ra6 40.
Nb5 Ne6 41. b4 Bb7 42. Rxa6 Bxa6 43. Nd4 Ng5 44. Ra1 Bxc4 45. Kxc4 Nb6+ 46. Kb5
Nxe4 47. Kc6 Nf6 48. b5 Nbd5 49. Bb3 Re5 50. Bxd5 Nxd5 51. Ra3 Nxe3 52. Kxc7
Nc4 53. Ra8+ Kh7 54. Ra4 Rc5+ 55. Nc6 d5 56. Rb4 d4 57. b6 Na5 58. b7 Nxc6 59.
Kd6 Rc2 60. Rxd4 Nb8 61. Rb4 Kg8 62. Ra4 Rc6+ 63. Kd5 Rc7 64. Ra7 Kf8 65. Kd6
Rc6+ 66. Kd5 Rc7 67. Kd6 Rc6+ 68. Kd5 Ke7 69. Ra8 Rd6+ 70. Kc4 Rd8 71. Kc5 Kd7
72. Kb6 Re8 73. Ra2 Re6+ 74. Ka7 Kc7 0-1

[Event "27th Summer Universiade in Kazan (Men)"]
[Site "Kazan"]
[Date "2013.07.15"]
[Round "9.17"]
[White "Farid, Firman Syah"]
[Black "Anton, Teodor"]
[Result "1/2-1/2"]
[WhiteElo "2396"]
[BlackElo "2438"]
[PlyCount "165"]
[EventDate "2013.??.??"]

1. d4 Nf6 2. c4 e6 3. Nc3 Bb4 4. e3 O-O 5. Bd3 c5 6. Nge2 cxd4 7. exd4 b6 8.
O-O Bb7 9. Bg5 Be7 10. Rc1 d6 11. Bb1 Nbd7 12. Qd3 Rc8 13. b3 g6 14. Ng3 d5 15.
Rfe1 dxc4 16. bxc4 Ba6 17. Nd1 Nd5 18. Bd2 Bg5 19. Nb2 Bxd2 20. Qxd2 N5f6 21.
Re3 Qe7 22. Qd1 Qd6 23. h4 h5 24. Qd3 Qf4 25. Rce1 Rfd8 26. Ne4 Nxe4 27. Rxe4
Qf6 28. Qe3 Bxc4 29. Nxc4 Rxc4 30. g4 hxg4 31. Rxg4 Nf8 32. Rd1 e5 33. h5 Rcxd4
34. Rdxd4 Rxd4 35. Be4 Qe6 36. Rg5 Nh7 37. Rg3 Nf6 38. Bf3 Kg7 39. hxg6 fxg6
40. Rg5 Ng4 41. Qe2 Nxf2 42. Qxf2 Qf6 43. Rg3 Rf4 44. Qe3 Qf5 45. Bg2 Kf6 46.
a3 g5 47. Qc1 g4 48. Rc3 Qd7 49. Rc6+ Kg5 50. Qc2 Qd4+ 51. Kh1 Qa1+ 52. Qc1
Qxc1+ 53. Rxc1 Ra4 54. Rc3 e4 55. Kg1 Kf4 56. Kf2 Rd4 57. Ke2 b5 58. Rc7 Ra4
59. Re7 a5 60. Kf1 Ke3 61. Re5 Rc4 62. Kg1 Rc1+ 63. Kh2 Rc4 64. Kg3 Ra4 65.
Rxb5 Rxa3 66. Re5 Kd2+ 67. Kxg4 e3 68. Kf3 Rd3 69. Kg3 a4 70. Bf3 a3 71. Kg2
Ke1 72. Rh5 e2 73. Re5 Rd2 74. Rh5 Rb2 75. Rh1+ Kd2 76. Kf2 a2 77. Re1 Kc3 78.
Bd5 Kd3 79. Be6 Rd2 80. Bf7 Rb2 81. Be6 Rd2 82. Bf7 Rb2 83. Be6 1/2-1/2

[Event "27th Summer Universiade in Kazan (Men)"]
[Site "Kazan"]
[Date "2013.07.15"]
[Round "9.18"]
[White "Mammadov, Zaur"]
[Black "Pham, Chuong"]
[Result "1-0"]
[WhiteElo "2437"]
[BlackElo "2365"]
[PlyCount "75"]
[EventDate "2013.??.??"]

1. e4 c5 2. c3 d5 3. exd5 Qxd5 4. d4 Nf6 5. Nf3 e6 6. Bd3 Nc6 7. O-O Be7 8. c4
Qd8 9. dxc5 Bxc5 10. Nc3 O-O 11. a3 b6 12. b4 Be7 13. Bb2 Bb7 14. Qe2 Qc7 15.
Ne4 Rfd8 16. Ng3 a5 17. b5 Nb8 18. Rad1 Nbd7 19. Rfe1 Rac8 20. Ng5 Re8 21. Nh5
Nf8 22. Be5 Qc5 23. Nxg7 Ne4 24. Bxe4 Bxe4 25. Qxe4 Red8 26. Rxd8 Rxd8 27. Nh5
f5 28. Qf3 Bxg5 29. Qg3 Kf7 30. Bc7 Rd2 31. h3 Be7 32. Qg7+ Ke8 33. Bg3 Qd4 34.
Qg8 Kd8 35. Ng7 Qxc4 36. Nxe6+ Kc8 37. Qf7 Nxe6 38. Rxe6 1-0

[Event "27th Summer Universiade in Kazan (Men)"]
[Site "Kazan"]
[Date "2013.07.15"]
[Round "9.21"]
[White "Nestorovic, Nikola"]
[Black "Gaehler, Marco"]
[Result "1/2-1/2"]
[WhiteElo "2461"]
[BlackElo "2317"]
[PlyCount "68"]
[EventDate "2013.??.??"]

1. e4 e6 2. d4 d5 3. Nc3 Bb4 4. exd5 exd5 5. Bd3 Nc6 6. a3 Ba5 7. Nge2 Nge7 8.
O-O Bg4 9. f3 Bf5 10. Be3 Qd7 11. Nf4 Bb6 12. Be2 h5 13. Na4 Nxd4 14. Bxd4 Qxa4
15. Bxb6 Qxf4 16. Bc5 Be6 17. c4 dxc4 18. Qa4+ Nc6 19. Rfe1 Qg5 20. Bf2 O-O 21.
Bxc4 Ne5 22. Be2 Ng6 23. Bf1 c6 24. h4 Qf6 25. Rad1 Rfd8 26. Rxd8+ Rxd8 27. Qa5
Nxh4 28. Qxh5 Ng6 29. Bxa7 Rd5 30. Qh2 Qxb2 31. Qb8+ Kh7 32. Qh2+ Kg8 33. Qb8+
Nf8 34. Bf2 Qxa3 1/2-1/2

[Event "27th Summer Universiade in Kazan (Men)"]
[Site "Kazan"]
[Date "2013.07.15"]
[Round "9.22"]
[White "Rzayev, Bahruz"]
[Black "Hajbok, Robert"]
[Result "1-0"]
[WhiteElo "2429"]
[BlackElo "2367"]
[PlyCount "61"]
[EventDate "2013.??.??"]

1. e4 c6 2. d4 d5 3. f3 dxe4 4. fxe4 e5 5. Nf3 exd4 6. Bc4 Nf6 7. O-O Be7 8.
Ng5 O-O 9. Nxf7 Qa5 10. Ng5+ Kh8 11. e5 Qxe5 12. Nf7+ Rxf7 13. Bxf7 Bf5 14. Qe1
Ne4 15. Bf4 Qf6 16. Nd2 Nxd2 17. Bxd2 Qxf7 18. Qe5 Nd7 19. Qxf5 Qxf5 20. Rxf5
Kg8 21. Re1 Bf6 22. Bg5 Kf7 23. Bxf6 Nxf6 24. Rd1 Re8 25. Rxd4 Re2 26. Rf2 Re1+
27. Rf1 Re2 28. Rd7+ Kg6 29. Rxb7 Rxc2 30. h3 a5 31. Rf3 1-0

[Event "27th Summer Universiade in Kazan (Men)"]
[Site "Kazan"]
[Date "2013.07.15"]
[Round "9.23"]
[White "Esenov, Annaberdi"]
[Black "Munkhgal, Gombosuren"]
[Result "1-0"]
[WhiteElo "2255"]
[BlackElo "2406"]
[PlyCount "73"]
[EventDate "2013.??.??"]

1. e4 e6 2. d4 d5 3. e5 c5 4. c3 Nc6 5. Nf3 Bd7 6. Be2 f6 7. O-O Qc7 8. exf6
Nxf6 9. Re1 Bd6 10. h3 O-O 11. a3 c4 12. b4 cxb3 13. Qxb3 Na5 14. Qc2 a6 15. a4
b5 16. axb5 axb5 17. Bd3 Rac8 18. Ng5 h6 19. Nxe6 Bxe6 20. Rxe6 Rce8 21. Rxd6
Re1+ 22. Bf1 Ne4 23. Re6 Qc4 24. Nd2 Rxf2 25. Re8+ Kf7 26. Rf8+ Kxf8 27. Ba3+
b4 28. Rxe1 bxa3 29. Bxc4 Nxc4 30. Rxe4 Rxd2 31. Rf4+ Kg8 32. Qa4 a2 33. Rf2
Nb6 34. Qe8+ Kh7 35. Qe1 Nc4 36. Rxd2 Nxd2 37. Qa1 1-0

[Event "27th Summer Universiade in Kazan (Men)"]
[Site "Kazan"]
[Date "2013.07.15"]
[Round "9.24"]
[White "Ferreira, Jorge Viterbo"]
[Black "Nanjo, Ryosuke"]
[Result "1/2-1/2"]
[WhiteElo "2401"]
[BlackElo "2299"]
[PlyCount "90"]
[EventDate "2013.??.??"]

1. Nf3 f5 2. c4 Nf6 3. g3 d6 4. d4 e6 5. Bg2 Be7 6. O-O O-O 7. Nc3 a5 8. b3 Ne4
9. Bb2 Nxc3 10. Bxc3 Qe8 11. Qe1 a4 12. e4 f4 13. e5 d5 14. Nd2 c6 15. bxa4
Rxa4 16. c5 Ra8 17. Qd1 g5 18. Nb3 Qg6 19. Bd2 fxg3 20. fxg3 Nd7 21. Ba5 Rxf1+
22. Bxf1 b5 23. Bd3 Qe8 24. Qg4 Nf8 25. Bc7 Ra7 26. Bb8 Rb7 27. Bd6 Bd8 28. Rf1
Rf7 29. Rc1 Ra7 30. Rc2 h5 31. Qd1 g4 32. Qc1 Kg7 33. Re2 Nh7 34. Bb1 Ng5 35.
Qc2 Qf7 36. Nd2 Ra3 37. Kg2 Rf3 38. Re1 Rf2+ 39. Kh1 Rxh2+ 40. Kxh2 Qf2+ 41.
Kh1 Qxe1+ 42. Kg2 Qe2+ 43. Kh1 Qe1+ 44. Kg2 Qe2+ 45. Kh1 Qe1+ 1/2-1/2

[Event "27th Summer Universiade 2013 Kazan,Russ"]
[Site "Kazan,Russia"]
[Date "2013.07.15"]
[Round "9.26"]
[White "Jurcik, Marian"]
[Black "Garcia Fuentes, Sergio Mig"]
[Result "1-0"]
[WhiteElo "2512"]
[BlackElo "2181"]
[PlyCount "57"]
[EventDate "2013.07.09"]

1. e4 c5 2. Nf3 e6 3. d4 cxd4 4. Nxd4 Nf6 5. Nc3 Nc6 6. Ndb5 Bb4 7. a3 Bxc3+ 8.
Nxc3 d5 9. Bd3 dxe4 10. Nxe4 Nxe4 11. Bxe4 Qxd1+ 12. Kxd1 Bd7 13. Be3 f5 14.
Bd3 Ne5 15. Be2 Bc6 16. f3 Kf7 17. Ke1 Rhc8 18. b3 b5 19. Kd2 a5 20. Kc1 a4 21.
Kb2 Ng6 22. Rhd1 Ne7 23. b4 Nd5 24. Bc5 Nf4 25. Bf1 g5 26. Rd2 Rab8 27. Rad1
Ng6 28. Rd6 Ne5 29. Re1 1-0

[Event "27th Summer Universiade 2013 Kazan,Russ"]
[Site "Kazan,Russia"]
[Date "2013.07.15"]
[Round "9.27"]
[White "Kalnins, Kristaps"]
[Black "Lapcevic, Milos"]
[Result "0-1"]
[WhiteElo "2269"]
[BlackElo "2403"]
[PlyCount "94"]
[EventDate "2013.07.09"]

1. e4 c5 2. Nf3 d6 3. d4 cxd4 4. Nxd4 Nf6 5. Nc3 a6 6. Be2 e5 7. Nb3 Be7 8. Be3
Be6 9. Bf3 Nbd7 10. O-O O-O 11. Re1 Qc7 12. Nd2 b5 13. Nd5 Nxd5 14. exd5 Bf5
15. Be4 Bxe4 16. Nxe4 f5 17. Bg5 Nb6 18. Bxe7 Qxe7 19. Nc3 Rac8 20. a4 b4 21.
Na2 a5 22. c3 f4 23. Qf3 b3 24. Nc1 Nc4 25. Nxb3 Qb7 26. Nc1 Qxb2 27. Ra2 Qb1
28. Rae2 Rb8 29. h4 Qf5 30. Qd3 Qxd3 31. Nxd3 Rb3 32. Rc1 Rc8 33. f3 Kf7 34.
Nf2 Rcb8 35. Ne4 Rb1 36. Rxb1 Rxb1+ 37. Kh2 Ra1 38. g3 fxg3+ 39. Kxg3 Ke7 40.
Ng5 Rxa4 41. Nxh7 Ra1 42. Kg4 a4 43. Re4 Rg1+ 44. Kh5 Nb6 45. Ng5 a3 46. Nh3
Nxd5 47. Nxg1 Nf6+ 0-1

[Event "27th Summer Universiade 2013 Kazan,Russ"]
[Site "Kazan,Russia"]
[Date "2013.07.15"]
[Round "9.28"]
[White "Galmandakh, Badrakh"]
[Black "Stanciu, Alexandru-Ovidiu"]
[Result "1/2-1/2"]
[WhiteElo "2203"]
[BlackElo "2346"]
[PlyCount "56"]
[EventDate "2013.07.09"]

1. f4 d5 2. Nf3 Nf6 3. e3 g6 4. b3 Bg7 5. Bb2 O-O 6. Be2 Bg4 7. O-O Re8 8. Ne5
Be6 9. d3 Nfd7 10. Nd2 Nxe5 11. Bxe5 Bxe5 12. fxe5 Nd7 13. d4 f6 14. Bg4 Nf8
15. Bxe6+ Nxe6 16. Qg4 Ng7 17. Rf3 fxe5 18. dxe5 Qc8 19. Qg5 Qe6 20. Raf1 Rf8
21. Rxf8+ Rxf8 22. Rxf8+ Kxf8 23. Nf3 Qf5 24. Qh6 Qh5 25. Qf4+ Qf5 26. Qh6 Qh5
27. Qf4+ Qf5 28. Qh6 Qh5 1/2-1/2

[Event "27th Summer Universiade 2013 Kazan,Russ"]
[Site "Kazan,Russia"]
[Date "2013.07.15"]
[Round "9.29"]
[White "Kantans, Toms"]
[Black "Mohamad, Ervan"]
[Result "0-1"]
[WhiteElo "2343"]
[BlackElo "2207"]
[PlyCount "81"]
[EventDate "2013.07.09"]

1. e4 c5 2. Nc3 Nc6 3. f4 g6 4. Nf3 Bg7 5. Bc4 e6 6. e5 d5 7. exd6 Qxd6 8. d3
Nf6 9. Be3 h6 10. Qe2 O-O 11. O-O-O Nd5 12. Bxd5 exd5 13. d4 cxd4 14. Nxd4 Nxd4
15. Bxd4 Qxf4+ 16. Be3 Qc4 17. Qf2 Bg4 18. Rd4 Bxd4 19. Bxd4 f6 20. Re1 Rf7 21.
h3 Bf5 22. g4 Be4 23. h4 b5 24. h5 g5 25. a3 a5 26. Nxe4 dxe4 27. Rxe4 b4 28.
axb4 axb4 29. Qf5 Qf1+ 30. Qxf1 Ra1+ 31. Kd2 Rxf1 32. Be3 Rb7 33. Kd3 Kf7 34.
Bc5 b3 35. cxb3 Rf3+ 36. Kc4 Rfxb3 37. Bd4 R7b4+ 38. Kd5 Ra4 39. Re2 Rd3 40.
Re4 Rd2 41. Kc5 0-1

[Event "27th Summer Universiade 2013 Kazan,Russ"]
[Site "Kazan,Russia"]
[Date "2013.07.15"]
[Round "9.30"]
[White "Markov, Mikhail"]
[Black "Olebile, Thato"]
[Result "1-0"]
[WhiteElo "2305"]
[BlackElo "2108"]
[PlyCount "69"]
[EventDate "2013.07.09"]

1. c4 Nf6 2. Nf3 c5 3. g3 g6 4. Bg2 Bg7 5. O-O O-O 6. d4 cxd4 7. Nxd4 Nc6 8.
Nc3 Nxd4 9. Qxd4 d6 10. b3 Qa5 11. Bb2 Ng4 12. Qd2 Qh5 13. h4 Bh6 14. Nd5 e5
15. Ne7+ Kh8 16. Qxd6 Bg7 17. Qd2 Bf6 18. Nd5 Bxh4 19. gxh4 Qxh4 20. Qf4 f6 21.
Bxe5 g5 22. Bxf6+ Rxf6 23. Qg3 Rh6 24. Qxh4 gxh4 25. Bh3 Ne5 26. Kh2 Bxh3 27.
Kxh3 Kg8 28. f4 Nc6 29. e4 Kf7 30. Rg1 Re8 31. e5 Nd4 32. Rad1 Nf5 33. Rg5 Ng3
34. Nf6 Rxf6 35. Rd7+ 1-0

[Event "27th Summer Universiade 2013 Kazan,Russ"]
[Site "Kazan,Russia"]
[Date "2013.07.15"]
[Round "9.32"]
[White "Hesham, Abdelrahman"]
[Black "Zulkifli, Muhd Syazwan"]
[Result "0-1"]
[WhiteElo "2375"]
[BlackElo "2063"]
[PlyCount "96"]
[EventDate "2013.07.09"]

1. d4 d6 2. Nf3 Bg4 3. e3 Nf6 4. Be2 Nbd7 5. c4 c6 6. Nc3 e5 7. O-O Be7 8. h3
Bh5 9. b4 O-O 10. b5 a6 11. bxc6 bxc6 12. Qa4 Qc7 13. Ba3 exd4 14. Nxd4 Bxe2
15. Ncxe2 Rfc8 16. Rfd1 Nb6 17. Qc2 d5 18. Bxe7 Qxe7 19. cxd5 cxd5 20. Qf5 Qe4
21. Rab1 Nc4 22. Rb3 Rcb8 23. Nc3 Qxf5 24. Nxf5 Rxb3 25. axb3 Nb6 26. Ne7+ Kf8
27. Nexd5 Nbxd5 28. Nxd5 Rd8 29. Nc3 Rb8 30. Rb1 Nd7 31. Na4 Ke7 32. Kf1 Rb5
33. Nc3 Rb7 34. Ke2 a5 35. Kd3 Kd6 36. Kc2 Nc5 37. Ne2 Rc7 38. f3 Na6+ 39. Kb2
Nb4 40. Rd1+ Ke5 41. Nc3 g5 42. Rd8 f5 43. Rd2 h5 44. Nb5 Rc6 45. Na3 Rc5 46.
Nc4+ Ke6 47. Rd6+ Ke7 48. Ra6 Nxa6 0-1

[Event "27th Summer Universiade 2013 Kazan,Russ"]
[Site "Kazan,Russia"]
[Date "2013.07.15"]
[Round "9.33"]
[White "Gumpo, Thabo"]
[Black "Tologontegin, Semetey"]
[Result "1/2-1/2"]
[WhiteElo "2015"]
[BlackElo "2370"]
[PlyCount "46"]
[EventDate "2013.07.09"]

1. e4 c5 2. Nc3 e6 3. f4 d5 4. exd5 exd5 5. Bb5+ Nc6 6. Nf3 Nf6 7. Ne5 Qd6 8.
d3 Be7 9. O-O O-O 10. Bxc6 bxc6 11. Qf3 Qc7 12. Bd2 Bd6 13. Rae1 Be6 14. h3
Rae8 15. b3 Bc8 16. Na4 Re7 17. Bc1 Rfe8 18. Ba3 Bxe5 19. fxe5 Rxe5 20. Rxe5
Rxe5 21. Bxc5 Rf5 22. Qe3 Rxf1+ 23. Kxf1 a6 1/2-1/2

[Event "27th Summer Universiade 2013 Kazan,Russ"]
[Site "Kazan,Russia"]
[Date "2013.07.15"]
[Round "9.34"]
[White "Wyss, Jonas"]
[Black "Sato, Kaname"]
[Result "1-0"]
[WhiteElo "2270"]
[BlackElo "2038"]
[PlyCount "65"]
[EventDate "2013.07.09"]

1. Nc3 c5 2. Nf3 g6 3. d4 cxd4 4. Qxd4 Nf6 5. Bg5 Bg7 6. Ne4 Nc6 7. Qc3 Nh5 8.
Qb3 Qa5+ 9. Bd2 Qf5 10. Neg5 Nd4 11. Nxd4 Bxd4 12. e3 Bg7 13. e4 Qf6 14. O-O-O
O-O 15. Bc4 e6 16. h4 b5 17. Bf1 Qxf2 18. Rh3 Qc5 19. Bb4 Qe5 20. Bxf8 Bxf8 21.
Rf3 f6 22. Nh3 Qxe4 23. Bd3 Qxh4 24. Qxb5 f5 25. Bc4 Qg4 26. Bd5 a6 27. Qb3 Ra7
28. Qb8 exd5 29. Qxa7 Qxg2 30. Rc3 d4 31. Rxc8 Qxh3 32. Qxd4 f4 33. Qd5+ 1-0

[Event "27th Summer Universiade 2013 Kazan,Russ"]
[Site "Kazan,Russia"]
[Date "2013.07.15"]
[Round "9.36"]
[White "Nayan, Ahmad Fadzil"]
[Black "Caetano, Hugo Zanotti Mendon"]
[Result "1-0"]
[WhiteElo "2102"]
[BlackElo "2152"]
[PlyCount "91"]
[EventDate "2013.07.09"]

1. d4 d5 2. c4 e6 3. Nf3 c6 4. g3 dxc4 5. Bg2 b5 6. Ne5 Bb7 7. a4 f6 8. Ng4 Qc8
9. O-O h5 10. Ne3 f5 11. b3 cxb3 12. Qxb3 a6 13. Bb2 Nf6 14. Nc3 Nd5 15. Rfc1
Nxc3 16. Rxc3 Qd7 17. Nc2 Bd6 18. e4 fxe4 19. Re1 O-O 20. Rxe4 Bc8 21. Rce3 Qf7
22. Re2 Ra7 23. Bh3 Re7 24. Bc1 e5 25. Qxf7+ Rexf7 26. Bxc8 Rxc8 27. dxe5 Be7
28. Nd4 c5 29. Ne6 Rc6 30. Nf4 Rf8 31. Nxh5 Rd8 32. Rg4 Rd1+ 33. Kg2 Rxc1 34.
Rxg7+ Kf8 35. Re3 Rh6 36. Rf3+ Ke8 37. Nf6+ Bxf6 38. exf6 Nd7 39. f7+ Kf8 40.
Rg8+ Ke7 41. Re8+ Kd6 42. Rd3+ Kc6 43. axb5+ axb5 44. Rxd7 Rf6 45. Rde7 Kd6 46.
Re6+ 1-0

[Event "27th Summer Universiade 2013 Kazan,Russ"]
[Site "Kazan,Russia"]
[Date "2013.07.15"]
[Round "9.37"]
[White "Martins, Vinicius Tine"]
[Black "Giron, David"]
[Result "1-0"]
[WhiteElo "2391"]
[BlackElo "2062"]
[PlyCount "67"]
[EventDate "2013.07.09"]

1. e4 c5 2. Nf3 e6 3. c3 Nf6 4. e5 Nd5 5. d4 cxd4 6. cxd4 b6 7. Bd3 Bb7 8. a3
d6 9. O-O Nd7 10. Qe2 a6 11. Nc3 dxe5 12. Nxd5 Bxd5 13. Nxe5 Nxe5 14. dxe5 Bb7
15. Rd1 Qd5 16. f3 O-O-O 17. Bg5 f6 18. Bxa6 Qc5+ 19. Be3 Rxd1+ 20. Rxd1 Qxe5
21. Bxb6 Bc5+ 22. Bxc5 Qxc5+ 23. Kh1 Qc6 24. Bxb7+ Kxb7 25. h3 Rc8 26. Rd4 Rc7
27. Kh2 g5 28. b4 e5 29. b5 Qc5 30. Qe4+ Kb6 31. Rd8 Rb7 32. a4 Ka7 33. a5 f5
34. b6+ 1-0

[Event "27th Summer Universiade 2013 Kazan,Russ"]
[Site "Kazan,Russia"]
[Date "2013.07.15"]
[Round "9.38"]
[White "Gantner, Matthias"]
[Black "Akunov, Maskat"]
[Result "1-0"]
[WhiteElo "2270"]
[BlackElo "1882"]
[PlyCount "47"]
[EventDate "2013.07.09"]

1. d4 Nf6 2. c4 e6 3. g3 d5 4. Nf3 c6 5. Bg2 a6 6. O-O Bd6 7. Qc2 O-O 8. b3
Nbd7 9. Bb2 Qc7 10. Nbd2 b5 11. e4 dxe4 12. Ng5 e5 13. Ndxe4 exd4 14. cxb5 Rb8
15. Bxd4 h6 16. b6 Rxb6 17. Bxb6 Qxb6 18. Nxd6 hxg5 19. Qxc6 Qxc6 20. Bxc6 Ne5
21. Nxc8 Nxc6 22. Nd6 Rd8 23. Rfd1 Rxd6 24. Rxd6 1-0

[Event "27th Summer Universiade 2013 Kazan,Russ"]
[Site "Kazan,Russia"]
[Date "2013.07.15"]
[Round "9.39"]
[White "Kokome, Oaitse"]
[Black "Haitbayev, Hayrulla"]
[Result "1-0"]
[WhiteElo "1931"]
[BlackElo "2088"]
[PlyCount "97"]
[EventDate "2013.07.09"]

1. g3 c5 2. Bg2 d5 3. d3 e5 4. Nf3 Nc6 5. O-O Nf6 6. c4 d4 7. a3 h6 8. b4 cxb4
9. axb4 Bxb4 10. Nxe5 O-O 11. Bxc6 Bd6 12. Nxf7 Rxf7 13. Bg2 Kh8 14. e4 Bg4 15.
Qb3 Qd7 16. Ba3 Bb8 17. Nd2 Bh3 18. Qb4 Qc8 19. Qc5 Qg4 20. f3 Qd7 21. Nb3 h5
22. Qb5 Qc8 23. Qg5 a5 24. e5 Bxg2 25. Kxg2 Nh7 26. Qxh5 Rf5 27. Qg4 Bxe5 28.
Nc5 Bd6 29. Ne4 Bxa3 30. Rxa3 Qf8 31. Ra2 b5 32. Nd6 Rg5 33. Qe6 Ra7 34. f4 Rh5
35. Qe2 Rh6 36. Nxb5 Re7 37. Qf2 Qa8+ 38. Qf3 Qd8 39. Nxd4 Rd7 40. Nc6 Qc8 41.
Ne5 Ra7 42. Rb1 Nf6 43. h4 Ne8 44. Qd5 Rf6 45. h5 Nc7 46. Nf7+ Kh7 47. Ng5+ Kh8
48. Qe4 Qa8 49. Rb8+ 1-0

[Event "27th Summer Universiade 2013 Kazan,Russ"]
[Site "Kazan,Russia"]
[Date "2013.07.15"]
[Round "9.40"]
[White "Mooketsi, David"]
[Black "De Mey, Juan Pablo"]
[Result "1/2-1/2"]
[WhiteElo "1847"]
[BlackElo "1951"]
[PlyCount "84"]
[EventDate "2013.07.09"]

1. e4 c5 2. Nf3 a6 3. d4 cxd4 4. Nxd4 Nf6 5. Nc3 e5 6. Nf3 Bb4 7. Bc4 Qc7 8.
Qd3 b5 9. Bb3 Bb7 10. O-O Bxc3 11. bxc3 Bxe4 12. Bxf7+ Kxf7 13. Ng5+ Kg8 14.
Nxe4 Qc4 15. Qxc4+ bxc4 16. Nd6 Nc6 17. Rb1 h6 18. Re1 Kh7 19. Nxc4 d5 20. Nxe5
Nxe5 21. Rxe5 Rab8 22. Rxb8 Rxb8 23. f3 Rb1 24. Re1 Ra1 25. a3 Ra2 26. Bf4 Rxa3
27. Be5 a5 28. Bd4 a4 29. Re7 Kg8 30. Kf1 Ra2 31. Ra7 Ne8 32. h4 a3 33. g3 Nd6
34. Rxg7+ Kf8 35. Ra7 Nc4 36. Bc5+ Kg8 37. f4 Rxc2 38. Bxa3 Rxc3 39. Be7 Nd2+
40. Ke2 Ne4 41. g4 d4 42. Rd7 Re3+ 1/2-1/2

[Event "27th Summer Universiade 2013 Kazan,Russ"]
[Site "Kazan,Russia"]
[Date "2013.07.15"]
[Round "9.41"]
[White "Malgie, Avikaar"]
[Black "Abrantes, Persson"]
[Result "1/2-1/2"]
[WhiteElo "1773"]
[BlackElo "2017"]
[PlyCount "70"]
[EventDate "2013.07.09"]

1. d4 Nf6 2. Nf3 d5 3. Bf4 c6 4. e3 Bf5 5. Bd3 Bg6 6. O-O e6 7. Nbd2 Bd6 8. Bg3
Qc7 9. Ne5 Nbd7 10. Ndf3 Bh5 11. Nxd7 Nxd7 12. Bxd6 Qxd6 13. Be2 f5 14. Nd2
Bxe2 15. Qxe2 O-O-O 16. c4 g5 17. c5 Qc7 18. b4 Rdg8 19. b5 Rg6 20. bxc6 Qxc6
21. a4 Rh6 22. f4 gxf4 23. exf4 Rg8 24. Nf3 Rg4 25. Ng5 Rg6 26. Rf2 h6 27. h3
Rg3 28. Qh5 e5 29. Rf3 exf4 30. Rxg3 fxg3 31. Nf7 Qf6 32. Nd6+ Kb8 33. Qd1 Nf8
34. Rb1 b6 35. a5 Ne6 1/2-1/2